000 00908nam a22001937a 4500
999 _c57845
_d57845
003 Ge_BSU
005 20210315190046.0
008 210315s2019 ge ||||| |||| 00| 0 geo d
020 _a9789941310539
041 _ageo
080 _a341.231.14(094.4) ა-26
245 _aადამიანის უფლებათა დაცვა და სახელმწიფოს ვალდებულებები :
_bსტატიათა კრებული /
_cრედაქტორი კონსტანტინე კორკელია.
264 _aთბილისი,
_c2019.
300 _a207 გვ.
_b23 სმ.
653 _aადამიანთა უფლებების დაცვა
653 _aსამართალი
700 _aკორკელია, კონსტანტინე
_eრედაქტორი
_9539
942 _2udc
_cBK